000 00468cam a2200181ua 4500
020 _a0 7131 3543 3
041 _aeng
_h
082 _a670.423
_bBLA/WO
100 _aBlack, Bruce.J .
245 _aWorkshop processes, practices and materials /
_cJ.Bruce Black.
_hTextual Documents
250 _a1 /
_b.
260 _a :
_bEnglish Language Book Society ,
_c1984.
300 _a282 ; .
504 _a
942 _cBK
999 _c2271
_d2271